| 000 | 00428nam a2200181Ia 4500 | ||
|---|---|---|---|
| 001 | 19932 | ||
| 005 | 20260306172729.0 | ||
| 008 | 260306t2018||||xx |||||||||||||| ||spa|| | ||
| 041 | _aESP | ||
| 082 |
_a341.4 _bT868 |
||
| 100 |
_aToulmin, Stephen _eAUT |
||
| 245 | 0 | _aUna introducción al razonamiento | |
| 260 | _c2018 | ||
| 300 |
_a616 páginas : _c23 cm. |
||
| 650 | _aGEN | ||
| 654 | _aCDE | ||
| 942 |
_cLIB _dJUS _fJUS _2ddc _n |
||
| 999 |
_c19932 _d19932 |
||